Sports Quiz For LL - Statistics

General Stats
  • This quiz has been taken 10 times
  • The average score is 16 of 40
Answer Stats
Hint Answer % Correct
The number 6 corresponds to which position on a baseball diamond? Shortstop
83%
Which major network broadcasted Monday Night Football from 1970-2005? ABC
67%
The aztecs played Tachli, an early form of what modern sport? Basketball
67%
In what town will you find the NFL Hall of Fame? Canton
67%
This hockey legend played 26 seasons in the NHL primarily with the Red Wings, earning him the nickname "Mr. Hockey" from reporters. Gordie Howe
67%
This is the last NFL team to win 3 championships in a row. Green Bay Packers
67%
Which NHL franchise has won the most Stanley Cups? Montreal Canadiens
67%
The Caber Toss, Stone Put, and Sheaf Toss are part of the Highland Games in which country? Scotland
67%
What is the national sport of China? Table Tennis
67%
He was the longtime voice of the Los Angeles/Brooklyn Dodgers, serving as the play-by-play man from 1950-2016. Vin Scully
67%
How many balls are used in a game of Snooker? 22
50%
Center Court at the US open is named after this trailblazing tennis player. Arthur Ashe
50%
Who is the only non-american to complete a grand slam in golf? Gary Player
50%
Muhammad Ali beat this boxer in the "Rumble in the Jungle". George Foreman
50%
Which college basketball head coach has won the most national championships? John Wooden
50%
A person from this country earned the first perfect 10 in olympic gymnastics. Romania
50%
This Viking was the first player to win NFL MVP as a defensive player. Alan Page
33%
What is the only city to host both Summer and Winter Olympic Games? Beijing
33%
In which city did Usain Bolt set the current 100m world record? Berlin
33%
Who has recorded the most sacks in NFL history? Bruce Smith
33%
This player has the record for points in the WNBA. Diana Taurasi
33%
This golfer holds the record for lowest 72 hole score at the masters. Dustin Johnson
33%
"The Ashes" are contested by which two cricketing nations? England and Australia
33%
Muhammad Ali beat this boxer in the "Thrilla in Manila". Joe Frazier
33%
This player beat out Derek Jeter and David Ortiz to win MVP in a tight race in 2006. Justin Morneau
33%
Sir Steve Redgrave was made a Knight for services to, and is Britain's most decorated olympian in which sport? Rowing
33%
At which Golf Course would you find a hole nicknamed "The Road Hole"? St. Andrew's
33%
From 1976-1980 this tennis player won 5 straight wimbledon titles. Bjorn Borg
17%
This nation shocked Europe when they won Euro 2004. Greece
17%
Two Americans have won the tour de france, Lance Armstrong and this person. Greg LeMond
17%
This man was the first ever honorary Harlem Globetrotter. Henry Kissinger
17%
This center back missed a game winning penalty kick in the 2008 champions league finals. John Terry
17%
From 1994 to 2018 this country advanced to the knockout rounds in every FIFA World Cup, but failed to progress past the first round of knockouts each time. Mexico
17%
This german driver shares the record for most Formula 1 world championships. Michael Schumacher
17%
Upon completing the first marathon, Pheidippides exclaimed what before allegedly dropping dead? Nike
17%
Tim Duncan missed a game against the warriors in 2012, what was the reason listed for his absence? Old
17%
Which darts player has won the most PDC world championships? Phil Taylor
17%
Which American male has the second most olympic medals behind Michael Phelps? Ryan Lochte
17%
Which basketball player was taken one pick before Michael Jordan? Sam Bowie
17%
"Goofy-Foot", "King-Pin", and "Mongo Pushing" are all terms from which sport? Skateboarding
17%
No matching quizzes found
Score Distribution
Percent of People with Each Score
Percentile by Number Answered
Your Score History
You have not taken this quiz